000 02781nam a2200529 c 4500
600 1 4 _aАрнаудов, Михаил Петров
_933558
999 _c95652
_d95652
003 BLK
005 20240313005503.0
008 180409b bul|||||r ||||||| ||bul||
010 _aKNG00100514000
020 _a954-8190-18-4
040 _aBLK
041 _aBUL
_cBUL
080 _aЛитературна критика
_b82.09
_x(497.2)(092)(063)
_z82.09(497.2)(092)(063)
080 _aЕтнология. Етнография. Нрави. Обичаи. Бит. Фолклористика. Вж и 572 ; 903 ; 904
_b39
_x(497.2)(063)
_z39(497.2)(063)
080 _aБългарска литература
_b821.163.2
_x.09(063)
_z821.163.2.09(063)
080 _aБългарски фолклорист, литературен историк, етнограф
_b929 Арнаудов, Михаил Петров
_z929 Арнаудов, Михаил Петров
139 _aАрнаудов сборник
_bА 87
245 1 0 _aАрнаудов сборник
_bТ. 1 - За том: Материали от междунар. науч. форум ІІ Арнаудови четения, 27-28 окт. 2000, Русе
_cред. кол. Тодор Иванов Живков; състав. на том Руси Русев; ред. кол. на том Тодор Иванов Живков.
_nТ. 2
_pДокл. и съобщения
257 _aBGR
260 _c2001
_aРусе
_bЛени-Ан
_fЛени-Ан
300 _c30 см
_a239 с.
380 _a82
650 4 _aЛитературни историци и критици, български
_9242486
650 4 _aФолклористи, български
_9175908
650 4 _aОбреди и обичаи, български
_9241811
650 4 _aНародно творчество, българско
_9245232
650 4 _aБългарска литература - теми, образи, сюжети
_9242409
653 _aбългарски фолклор
653 _aнародно творчество
653 _aбългарска литература
653 _aАрнаудови четения
700 1 _aЖивков, Тодор Иванов
_eред. кол.
_9363948
700 1 _aРусев, Руси
_eсъстав. на том
_9371764
700 1 _aЖивков, Тодор Иванов
_eред. кол. на том
_9363948
760 1 _dЛени-Ан, 2001
_h239 с., 24 см
_tТ. 2 Докл. и съобщения
852 _aЦб ІІ 11065
852 _aК 82/А 87
856 4 _qpdf
856 4 _qpdf
942 _cKNG
_n0
_s1
_01
944 _aCR
_c01.01.2000
_k
_lCRON CRON
944 _aED
_c12.04.2005
999 _d95652
999 _d95652
999 _d95652